00269nam a2200097Ia 4500008004100000100001800041245004300059260004300102300000800145650001800153191201s2016 xx 000 0 und d aSHARMA, Rekha 0aHaryana ke Lok Geeto May Bhakti Bhawna aN. DelhibHaryana Granth Academic2016 a276 aGeneral Books